رنگ محل : (Record no. 172513)

MARC details
000 -LEADER
fixed length control field 00586nam a22001937a 4500
005 - DATE AND TIME OF LATEST TRANSACTION
control field 20200206130044.0
010 ## - LCCN (DPL NO)
LC control number A-644602
020 ## - INTERNATIONAL STANDARD BOOK NUMBER
Terms of availability 75.00
035 ## - SYSTEM CONTROL NUMBER
System control number A-644602
037 ## - SOURCE OF ACQUISITION
Source of stock number/acquisition BPPD/Pub.
082 ## - DEWEY DECIMAL CLASSIFICATION NUMBER
Classification number ک
100 ## - MAIN ENTRY--PERSONAL NAME
Personal name م -م- راجندر
245 ## - TITLE STATEMENT
Title رنگ محل :
Remainder of title اٹھارہ منتخب افسانے /
Statement of responsibility, etc م -م- راجندر
246 ## - VARYING FORM OF TITLE
Title proper/short title Rang Mahal (Urdu) /
Remainder of title by Meem Meem Rajinder
260 ## - PUBLICATION, DISTRIBUTION, ETC. (IMPRINT)
Place of publication, distribution, etc New Delhi
Name of publisher, distributor, etc Modern Publishing House
Date of publication, distribution, etc 1993 ء
270 ## - ADDRESS
Address Gola Market, Daryaganj
City New Delhi
Postal code 110002
300 h# - PHYSICAL DESCRIPTION
Extent 182p.
Dimensions 21cm(Hb)
942 ## - ADDED ENTRY ELEMENTS (KOHA)
Source of classification or shelving scheme Dewey Decimal Classification
Item type Urdu Bks
Classification part ک
Call number suffix م م ر
Holdings
Withdrawn status Lost status Not for loan Collection code Home library Current library Date acquired Source of acquisition Cost, normal purchase price Full call number Barcode Copy number Cost, replacement price Koha item type
      Non-fiction Central Library Central Library 06/02/2020 BPPD/Ven. 75.00 ک م م ر A-644602 1 75.00 Urdu Bks

© Delhi Public Library
Hit Counter
free hit counter